Second language acquisition and second language learning / (Record no. 13156)
[ view plain ]
| 000 -LEADER | |
|---|---|
| fixed length control field | 00489nam a2200169I 4500 |
| 020 ## - INTERNATIONAL STANDARD BOOK NUMBER | |
| ISBN | 0080253385 |
| 040 ## - CATALOGING SOURCE | |
| Transcribing agency | ORU |
| 082 ## - DEWEY DECIMAL CLASSIFICATION NUMBER | |
| Classification number | 407 PER 1981 A023 Or. |
| 100 10 - MAIN ENTRY--AUTHOR NAME | |
| Personal name | Krashen, Stephen D |
| 245 10 - TITLE STATEMENT | |
| Title | Second language acquisition and second language learning / |
| 250 ## - EDITION STATEMENT | |
| Edition statement | 1st ed |
| 260 0# - PUBLICATION, DISTRIBUTION, ETC. (IMPRINT) | |
| Place of publication | Oxford ; |
| -- | New York : |
| Name of publisher | Pergamon Press, |
| Year of publication | 1981 |
| 300 ## - PHYSICAL DESCRIPTION | |
| Number of Pages | vii, 151 p. : |
| Other physical details | ill. ; |
| Dimensions | 22 cm |
| 490 1# - SERIES STATEMENT | |
| Series statement | Language teaching methodology series |
| 650 #0 - SUBJECT ADDED ENTRY--TOPICAL TERM | |
| Topical Term | Language and languages |
| 942 ## - ADDED ENTRY ELEMENTS (KOHA) | |
| Koha item type | សៀវភៅភាសាអង់គ្លេស |
| 952 ## - LOCATION AND ITEM INFORMATION (KOHA) | |
| Withdrawn status [LOCAL, KOHA] | 0 |
| Permanent Location | Date acquired | Koha item type | Lost status | Shelving location | Barcode | Current Location | Full call number |
|---|---|---|---|---|---|---|---|
| Library Block A | 2017-08-20 | សៀវភៅភាសាអង់គ្លេស | A024 | A16422 | Library Block A | 407 PER 1981 A024 Or. |